000
00320nam a22001337a 4500
008
181025b xxu||||| |||| 00| 0 eng d
020
_a
9781451146660
041
_a
eng
080
_2
13 ED
_a
610.073
100
_a
3
101
_a
INF
245
_a
Txtbook Of Medical Surgical Nursing
_c
Hinkle.J.l
942
_2
udc
_c
BK
999
_c
50885
_d
50885